Around the world in a flash

Bibliographic Details
Main Author: Linda Salamungam
Format: Book
Published: Selangor : Express Education , 2006
Series:Steps into reading
Subjects:

MARC

LEADER 00000cam a2200000 7i4500
001 0000001499
005 20151222.0
008 070705
020 |a 983355539X 
090 0 0 |a JF   |b SC ENG (1571) 
100 0 |a Linda Salamungam 
245 1 0 |a Around the world in a flash   |c Linda Salamungam 
260 |a Selangor :   |b Express Education ,   |c 2006 
440 0 |a Steps into reading 
500 |a Children ages 7-9 years old (orange) 
650 0 |a Science 
999 |a 0000954796   |b Book   |c Children Collection   |e Cawangan Segamat 
999 |a 0000954797   |b Book   |c Children Collection   |e Cawangan Bandar Tenggara 
999 |a 0000954798   |b Book   |c Children Collection   |e Cawangan Batu Pahat 
999 |a 0000954799   |b Book   |c Children Collection   |e Cawangan Sri Merlong 
999 |a 0000954800   |b Book   |c Children Collection   |e Cawangan Taman Universiti